000 00436nam a2200157Ia 4500
008 240729s9999 xx 000 0 und d
022 _a2527-7146
245 0 _aJurnal Farmasi Sains dan Komunitas
260 _aIndonesia
260 _bUniversitas Sanata Dharma
650 _a Pharmacy and materia medica
650 _aMedicine
856 _uhttps://doaj.org/toc/dbf6b465c17e4d6c8d641ed66b23c345
942 _2ddc
942 _cDOAJEJ
999 _c66459
_d66459
945 _a1
_bMadushi Gamage
_c1
_dMadushi Gamage